000
00321 a2200157 4500
001
58233
020
_a
8532238351
040
_c
Anchieta - Pituba
100
_a
Alencar, José de
240
1
0
_a
O guarani
_l
por
245
1
0
_a
O guarani
300
_a
456
362
0
_a
1999
650
4
_a
Ficção brasileira
942
_c
BK
999
_c
58233
_d
58233